LEADER 01254nam0 2200385 450 001 990000983080203316 035 $a0098282 035 $aUSA010098282 035 $a(ALEPH)000098308USA01 035 $a0098282 100 $a20020225d1983----km-y0ITAy01------ba 101 $aita 102 $aIT 105 $a|||| ||||| 200 1 $a<> poesia satirica e giocosa nell'eta dei comuni$fFranco Suitner 210 $aPadova$cAntenore$d1983. 215 $aVII, 223 p., [1] c. di tav.$d22 cm 225 2 $aMiscellanea erudita 300 $aIn cop.: Universita degli studi di Venezia, Istituto di filologia moderna 410 1$1001CFI0067435$12001$aMiscellanea erudita 610 0 $aPoesia giocosa italiana$aSec. 13.-14. 610 0 $aSatira italiana$aSec. 13.-14. 676 $a851.1 700 1$aSUITNER,$bFranco$0151996 801 0$aIT$bsalbc$gISBD 912 $a990000983080203316 951 $aV E COLL. 13/39 BIS$b95114 LM$cV E COLL. 959 $aBK 969 $aUMA 979 $aPATTY$b90$c20020225$lUSA01$h1305 979 $aPATTY$b90$c20020225$lUSA01$h1310 979 $c20020403$lUSA01$h1740 979 $aPATRY$b90$c20040406$lUSA01$h1708 996 $aPoesia satirica e giocosa nell'età dei comuni$9100916 997 $aUNISA LEADER 01017nam0-22003491i-450 001 990001729390403321 005 20210319112513.0 010 $a88-206-2972-0 035 $a000172939 035 $aFED01000172939 035 $a(Aleph)000172939FED01 035 $a000172939 100 $a20030910d1987----km-y0itay50------ba 101 0 $aita 102 $aIT 105 $aa 001yy 200 1 $aInquinamento atmosferico e vegetazione$fAlberto Mezzetti$gG. Bonaga, A. De Santis, F. Fortezza 210 $aBologna$cEdagricole$d1987 215 $aIX, 183 p.$c7 tav.$d24 cm 610 0 $aInquinamento atmosferico 610 0 $aFitopatologia 676 $a581.24 676 $a632.19$v23$zita 700 1$aMezzetti,$bAlberto$070048 801 0$aIT$bUNINA$gRICA$2UNIMARC 901 $aBK 912 $a990001729390403321 952 $a60 632.19 MEZA 1987$b1336$fFAGBC 952 $a60 581.24 B 2$b3517$fFAGBC 959 $aFAGBC 996 $aInquinamento atmosferico e vegetazione$91768976 997 $aUNINA